Statistieken voor Grootste steden van Nederland op de kaart

Klik hier om de quiz te nemen!

Algemene statistieken

  • Deze quiz is 2.881 keer genomen
    (2.880 sinds de laatste reset)
  • De gemiddelde score is 15 van 20

Antwoorden op de kaart

Antwoorden kleurgecodeerd door een groen-rode schaal op de quizkaart volgens % correct hieronder.
Laden...
 

Antwoordstatistieken

InwonersStad% Correct
1.12 MAmsterdam
100%
829 KRotterdam
99%
803 KDen Haag
97%
382 KUtrecht
97%
213 KGroningen
96%
118 KMaastricht
93%
298 KEindhoven
89%
162 K's-Hertogenbosch
81%
154 KBreda
80%
177 KAlmere
78%
213 KTilburg
78%
204 KHaarlem
77%
161 KNijmegen
74%
147 KEnschede
69%
270 KLeiden
68%
140 KApeldoorn
62%
153 KAmersfoort
60%
221 KDordrecht
54%
169 KHeerlen
47%
124 KZoetermeer
39%

Scoreverdeling

Percentiel versus Aantal Correcte Antwoorden

Procent van Mensen met Elke Score

Uw Scoregeschiedenis

U heeft deze quiz nog niet genomen sinds de laatste reset